| 000 | 00726nam a22002057a 4500 | ||
|---|---|---|---|
| 999 |
_c195157 _d195157 |
||
| 005 | 20230310121046.0 | ||
| 010 | _aENG-136257 | ||
| 020 |
_c695.00 _a9780198071631 |
||
| 035 | _aEN-119789 | ||
| 037 | _bDBAD/PUB | ||
| 082 | _a330.954 | ||
| 245 |
_aTheorizing the Present : _bEssays For Pratha Chatterjee/ _cEd. By Anjan Ghosh , Tapati Guha-Thakurta and Janaki Nair |
||
| 260 |
_aNew Delhi _bOxford University Press _c2011 |
||
| 270 |
_aOxford University Press YMCA Library Building, Jai Singh Road _bNew Delhi _e110020 |
||
| 300 |
_a322p. _c23cm(hbk) _bContributors |
||
| 500 | _aVolume 1 Ancient | ||
| 700 | _aEd. By Tapati Guha- Thakurta | ||
| 700 | _aBy Janaki Nair | ||
| 942 |
_2ddc _cEN _h330.954 _mTHE |
||